000 00719nam a2200241 a 4500
005 20240803063813.0
008 130913s2006 mx r 000 0 spa d
020 _a8467511362
035 _aUPN01000192888
049 _aCG
050 4 _aPQ6651 L4.4
_bC3.4
100 1 _aAleixandre, Marilar,
_d1947-
_933112
245 1 0 _aCalle carbón /
_cMarilar Aleixandre ; tr. Marilar Aleixandre.
260 _aMadrid :
_bSM,
_c2006.
300 _a202 p.
440 0 _aGran angular ;
_v76.
_pAlerta roja
534 _pTítulo original:
_tRúa Carbón
650 0 _aLiteratura juvenil española
_912359
650 4 _aNovela española
_910814
650 0 _aAdolescencia
_vNovela
_98176
905 _aLibro
999 _c164990
_d164990